Barnamay jatra : (Record no. 8918)

MARC details
000 -LEADER
fixed length control field 00591cam a2200205ua 4500
005 - DATE AND TIME OF LATEST TRANSACTION
control field 20260515114537.0
008 - FIXED-LENGTH DATA ELEMENTS--GENERAL INFORMATION
fixed length control field 161012n ii |||gr||||Z||||||asm
040 ## - CATALOGING SOURCE
Transcribing agency MAIN
Original cataloging agency IN-DiNC
041 ## - LANGUAGE CODE
Language code of sung or spoken text asm
082 ## - DEWEY DECIMAL CLASSIFICATION NUMBER
Classification number 920
Item number GOG
100 ## - MAIN ENTRY--PERSONAL NAME
Personal name Gogoi, Tarun
Relator term author
245 ## - TITLE STATEMENT
Title Barnamay jatra :
Remainder of title ekhon notun Asom gorhar path parikrama /
Statement of responsibility, etc. By Tarun Gogoi .
250 ## - EDITION STATEMENT
Edition statement 1st ed.
260 ## - PUBLICATION, DISTRIBUTION, ETC.
Place of publication, distribution, etc. Guwahati:
Name of publisher, distributor, etc. Eclectic publications,
Date of publication, distribution, etc. 2016.
300 ## - PHYSICAL DESCRIPTION
Extent 210p.
650 ## - SUBJECT ADDED ENTRY--TOPICAL TERM
Topical term or geographic name entry element Autobiography of Tarun Gogoi
653 ## - INDEX TERM--UNCONTROLLED
Uncontrolled term Biography, genealogy & insignia
653 ## - INDEX TERM--UNCONTROLLED
Uncontrolled term Autobiography
942 ## - ADDED ENTRY ELEMENTS (KOHA)
Koha item type Books
Source of classification or shelving scheme Dewey Decimal Classification
Holdings
Withdrawn status Lost status Damaged status Not for loan Home library Current library Shelving location Date acquired Total checkouts Full call number Barcode Date last seen Copy number Price effective from Koha item type Source of classification or shelving scheme Cost, normal purchase price Date last checked out
        Naharkatiya College Library Naharkatiya College Library General stacks 09/19/2020   920 | GOG 23527 09/19/2020 1 09/19/2020 Books      
        Naharkatiya College Library Naharkatiya College Library General stacks 12/18/2020 1 920 GOG 28575 12/24/2020 2 12/18/2020 Books Dewey Decimal Classification 399.00 12/24/2020